[Event "AUTO-ELITE-2050"]
[Site "http://www.queenalice.com/game.php?id=1548020"]
[Date "2018.11.3"]
[Round "1"]
[White "abelhm"]
[Black "Robi"]
[Result "0-1"]
[WhiteElo "2064"]
[BlackElo "2742"]

1. e4 c5 2. Nf3 d6 3. d4 cxd4 4. Nxd4 Nf6 5. Nc3 a6 6. Bg5 Nbd7 7. Bc4 Qb6 8.
Nb3 e6 9. O-O Qc7 10. Bd3 h6 11. Bd2 Be7 12. f4 b5 13. a3 O-O 14. Qf3 Bb7 15.
Qg3 Rac8 16. f5 d5 17. Bf4 e5 18. Bxh6 Qb6+ 19. Be3 d4 20. Bf2 Qd6 21. Nxd4 exd4
22. Qxd6 Bxd6 23. Bxd4 Ne5 24. Rae1 Rfd8 25. Bf2 Bxa3 0-1

[Event "AUTO-ELITE-2051"]
[Site "http://www.queenalice.com/game.php?id=1548267"]
[Date "2018.11.5"]
[Round "1"]
[White "punk"]
[Black "abelhm"]
[Result "1-0"]
[WhiteElo "2219"]
[BlackElo "2181"]

1. d4 d6 2. c4 g6 3. g3 Bg7 4. Bg2 Nc6 5. e3 Nf6 6. Nc3 O-O 7. Nge2 Bf5 8. a3
Na5 9. Qa4 c6 10. O-O Be6 11. d5 cxd5 12. cxd5 Bd7 13. Qd1 Nc4 14. b3 Nb6 15. e4
Qc8 16. Be3 Bh3 17. Bd4 Bxg2 18. Kxg2 h5 19. Rc1 Qd7 20. a4 Nc8 21. Nb5 Qg4 22.
f3 Qg5 23. h4 Qh6 24. Rc7 a6 25. Nbc3 Rb8 26. Nf4 g5 27. hxg5 Qxg5 28. Rh1 Bh6
29. Bxf6 Qxf6 30. Nxh5 Qg5 31. Ne2 f5 32. Nhf4 Qf6 33. Ne6 Rf7 34. N2f4 Bxf4 35.
gxf4 b5 36. Rh5 Rh7 37. Rg5+ Kh8 38. Qd4 Qxd4 39. Nxd4 bxa4 40. bxa4 fxe4 41.
fxe4 Nb6 42. Nf5 Nc8 43. a5 Ra8 44. e5 Rb8 45. exd6 exd6 46. Rc6 Ra8 47. Nxd6
Ne7 48. Rc7 Rd8 49. Nb7 Rxd5 50. Rxd5 Nxd5 51. Rxh7+ Kxh7 52. Kf3 Kg7 53. Ke4
Ne7 54. Ke5 Kf8 55. Kd6 Kf7 56. Nc5 Nf5+ 57. Kc6 Nd4+ 58. Kb6 Kf6 59. Kxa6 Nc6
60. Kb6 Nb4 61. a6 Nxa6 62. Kxa6 Kf5 63. Nd3 1-0

[Event "AUTO-ELITE-2051"]
[Site "http://www.queenalice.com/game.php?id=1548268"]
[Date "2018.11.5"]
[Round "1"]
[White "abelhm"]
[Black "punk"]
[Result "0-1"]
[WhiteElo "2170"]
[BlackElo "2228"]

1. e4 c5 2. Nf3 Nc6 3. Nc3 Nf6 4. d4 cxd4 5. Nxd4 e5 6. Nb3 a6 7. Bg5 Bb4 8. Qf3
h6 9. Bxf6 Qxf6 10. Qxf6 gxf6 11. O-O-O Bxc3 12. bxc3 b6 13. Nd2 b5 14. c4 Nd4
15. c3 Ne6 16. Kb2 bxc4 17. Bxc4 Nc5 18. f3 a5 19. Rb1 Ke7 20. Kc2 Ba6 21. Bxa6
Rxa6 22. Rb5 Rc8 23. Rhb1 Na4 24. c4 Nc5 25. Nb3 Ne6 26. Kc3 a4 27. Nd2 Nd4 28.
Rb7 Rd6 29. Ra7 f5 30. Rxa4 f4 31. Rab4 Nc6 32. R4b2 h5 33. Nb3 h4 34. h3 Nd4
35. Nxd4 Rxd4 36. Rb4 Rg8 37. R4b2 Ra8 38. Ra1 Ra3+ 39. Rb3 Ra4 40. Rb4 Ra3+ 41.
Rb3 Ra4 42. Kc2 Raxc4+ 43. Rc3 Ra4 44. a3 Ra6 45. Rd1 Rda4 46. Kb2 d6 47. Rd5
Ke6 48. Rb5 f5 49. Rb4 fxe4 50. fxe4 Rxb4+ 51. axb4 Rb6 52. Kb3 d5 53. exd5+
Kxd5 54. Rd3+ Ke4 55. Rc3 Kd4 56. Rc4+ Kd3 57. Rc3+ Kd4 58. Rc4+ Kd3 59. Rc3+
Ke4 60. Ka4 Kd4 61. Rb3 e4 62. Ka5 Rb8 63. b5 e3 64. Rb2 Kd3 65. Rb3+ Ke2 66.
Ka6 Kf2 67. Rb2+ e2 68. b6 Kf1 0-1

[Event "AUTO-ELITE-2051"]
[Site "http://www.queenalice.com/game.php?id=1548271"]
[Date "2018.11.5"]
[Round "1"]
[White "Alsina"]
[Black "abelhm"]
[Result "1-0"]
[WhiteElo "2573"]
[BlackElo "2183"]

1. e4 e6 2. d4 d5 3. Nc3 Bb4 4. e5 c5 5. a3 Ba5 6. b4 cxd4 7. Qg4 Ne7 8. bxa5
dxc3 9. Qxg7 Rg8 10. Qxh7 Qc7 11. f4 Nbc6 12. Nh3 Bd7 13. Ng5 Rf8 14. a6 b6 15.
Bd3 Nxe5 16. fxe5 Qxe5+ 17. Kf2 O-O-O 18. Re1 Qf6+ 19. Nf3 Rg8 20. h4 1-0

[Event "AUTO-ELITE-2051"]
[Site "http://www.queenalice.com/game.php?id=1548272"]
[Date "2018.11.5"]
[Round "1"]
[White "abelhm"]
[Black "Alsina"]
[Result "0-1"]
[WhiteElo "2182"]
[BlackElo "2574"]

1. e4 e5 2. Nf3 Nc6 3. Nc3 Nf6 4. Bb5 Nd4 5. O-O Nxb5 6. Nxb5 c6 7. Nc3 d6 8. d4
Qc7 9. Be3 Be7 10. Re1 b5 11. dxe5 dxe5 12. a3 O-O 13. h3 Rd8 14. Qe2 h6 15.
Rad1 Rxd1 16. Rxd1 a5 17. Bd2 b4 18. Nb1 c5 19. c3 Bb7 20. cxb4 axb4 0-1

[Event "AUTO-MASTER-2735"]
[Site "http://www.queenalice.com/game.php?id=1550720"]
[Date "2018.11.26"]
[Round "2"]
[White "Lamorteoscura77"]
[Black "abelhm"]
[Result "1-0"]
[WhiteElo "2076"]
[BlackElo "2071"]

1. e4 e6 2. d4 d5 3. e5 c5 4. c3 Qb6 5. Nf3 Bd7 6. Be2 Nc6 7. O-O Nge7 8. Re1
Nf5 9. Bd3 cxd4 10. Bxf5 exf5 11. cxd4 Bb4 12. Nc3 Be6 13. a3 Be7 14. b4 O-O 15.
Na4 Qc7 16. Bb2 Rfc8 17. Rc1 Qd8 18. Nc5 b6 19. Nd3 Rc7 20. Rc3 Rac8 21. Qd2 g5
22. Rec1 g4 23. Nfe1 Nxd4 24. Rxc7 Rxc7 25. Bxd4 Bg5 26. Be3 Be7 27. Rc3 Rb7 28.
Bd4 Bg5 29. Qc2 h5 30. b5 Qd7 31. a4 h4 32. Nb4 Qe7 33. Nc6 Qf8 34. Be3 f4 35.
Bd2 h3 36. g3 Qh6 37. Bc1 Rd7 38. Nd4 fxg3 39. fxg3 Re7 40. Nd3 Be3+ 41. Bxe3
Qxe3+ 42. Qf2 Qe4 43. Nxe6 fxe6 44. Rc8+ Kh7 45. Nf4 Qxe5 46. Qc2+ Qf5 47. Qxf5+
exf5 48. Kf2 Rd7 49. Ke3 d4+ 50. Kd3 Kg7 51. Rc4 Re7 52. Rxd4 Re1 53. Rc4 Rh1
54. Rc2 Ra1 55. Rc7+ Kf6 56. Rxa7 Ra2 57. Ne2 Ke5 58. Ra6 Ra3+ 59. Nc3 f4 60.
gxf4+ Kxf4 61. Rxb6 Ra1 62. Re6 Kf3 63. b6 1-0

[Event "AUTO-MASTER-2735"]
[Site "http://www.queenalice.com/game.php?id=1550721"]
[Date "2018.11.26"]
[Round "2"]
[White "abelhm"]
[Black "Lamorteoscura77"]
[Result "1-0"]
[WhiteElo "2062"]
[BlackElo "1980"]

1. e4 Nf6 2. Nc3 d5 3. exd5 Nxd5 4. Bc4 c6 5. Nge2 e5 6. O-O Be7 7. Re1 O-O 8.
Ng3 Nxc3 9. bxc3 Bd6 10. d4 exd4 11. cxd4 Nd7 12. c3 Qh4 13. Qf3 Nf6 14. Bb3 Bg4
15. Qd3 Rfe8 16. Be3 Nh5 17. Qd2 h6 18. Rab1 g5 19. Bc2 f5 20. Bb3+ Kg7 21. d5
f4 22. Bd4+ Kf8 23. Nxh5 Qxh5 24. dxc6 f3 25. Bg7+ Kxg7 26. Qxd6 bxc6 27. Qd4+
Kg6 28. Bc2+ Kf7 29. Rb7+ Kg8 30. Qg7# 1-0

[Event "AUTO-MASTER-2735"]
[Site "http://www.queenalice.com/game.php?id=1550724"]
[Date "2018.11.26"]
[Round "2"]
[White "abelhm"]
[Black "Anusha"]
[Result "1-0"]
[WhiteElo "2075"]
[BlackElo "2190"]

1. e4 e6 2. d4 d5 3. exd5 exd5 4. Nf3 Nc6 5. Bb5 Bd7 6. O-O Bd6 7. Nc3 f6 8.
Nxd5 Nge7 9. Re1 O-O 10. Bc4 Nxd5 11. Bxd5+ Kh8 12. a3 Rb8 13. Nh4 Be8 14. Qg4
Bxh2+ 15. Kxh2 Qxd5 16. c3 Bd7 17. Qg3 Rbe8 18. Be3 Na5 19. Qxc7 Nc4 20. b3 Nxe3
21. fxe3 Rc8 22. c4 Qxg2+ 23. Nxg2 Rxc7 24. Nf4 Re8 25. Kg3 Bf5 26. Ra2 Be4 27.
Rb2 f5 28. d5 Rf7 29. Ne6 Rf6 30. Rh2 Re7 31. Rd1 Rg6+ 32. Kf2 Kg8 33. b4 Rd7
34. Nc5 Rf7 35. d6 Bc6 36. d7 Bxd7 37. Nxd7 Re7 38. Nc5 Rc6 39. Rh4 b6 40. Rd8+
Kf7 41. Nd3 h6 42. Rd5 Kf6 43. Rhd4 Rce6 44. Rd6 g5 45. Rxe6+ Kxe6 46. Rd5 Rc7
47. Re5+ Kf6 48. c5 bxc5 49. Rxc5 Rd7 50. Rc6+ Kg7 51. Ke2 Re7 52. Nc5 h5 53.
Ne6+ Kg6 54. Nf4+ Kf7 55. Nxh5 f4 56. Rf6+ Ke8 57. Nxf4 gxf4 58. Rxf4 Kd7 59.
Kd3 Kc6 60. a4 Rd7+ 61. Kc4 Rh7 62. e4 Rh1 63. Rf6+ 1-0

[Event "AUTO-MASTER-2735"]
[Site "http://www.queenalice.com/game.php?id=1550725"]
[Date "2018.11.26"]
[Round "2"]
[White "Anusha"]
[Black "abelhm"]
[Result "1-0"]
[WhiteElo "2175"]
[BlackElo "2096"]

1. d4 Nf6 2. Nf3 g6 3. Bf4 Bg7 4. h3 d5 5. c3 Nc6 6. e3 Nh5 7. Bh2 O-O 8. Be2
Nf6 9. O-O a6 10. Nbd2 Re8 11. Ne5 Bf5 12. Nxc6 bxc6 13. Nb3 a5 14. Nc5 Nd7 15.
Nd3 Bxd3 16. Bxd3 c5 17. Bc2 cxd4 18. exd4 c6 19. Ba4 Qc8 20. Re1 e5 21. dxe5
Bxe5 22. Bxe5 Rxe5 23. Qg4 Rxe1+ 24. Rxe1 Nc5 25. Qd4 Nxa4 26. Qxa4 Qc7 27. Qd4
Qd6 28. h4 Rf8 29. h5 c5 30. Qg4 d4 31. cxd4 cxd4 32. h6 d3 33. Rd1 Re8 34. Qa4
Re5 35. Qc4 Rd5 36. Re1 Kf8 37. Qc8+ Qd8 38. Qc6 d2 39. Rd1 Re5 40. Qc3 Rd5 41.
Qh8+ Ke7 42. Qxd8+ Rxd8 43. Kf1 Kf6 44. Ke2 Kg5 45. Rxd2 Rxd2+ 46. Kxd2 Kxh6 47.
b3 Kg7 48. Kd3 Kf8 49. Kd4 Ke8 50. Ke4 Ke7 51. a3 Kd6 52. Kd4 h5 53. b4 axb4 54.
axb4 f6 55. b5 g5 56. Ke4 1-0

[Event "AUTO-MASTER-2760"]
[Site "http://www.queenalice.com/game.php?id=1562589"]
[Date "2019.2.28"]
[Round "2"]
[White "Alexandrovinsk"]
[Black "abelhm"]
[Result "1/2-1/2"]
[WhiteElo "2140"]
[BlackElo "2095"]

1. d4 g6 2. c4 Bg7 3. Nc3 c5 4. d5 Bxc3+ 5. bxc3 f5 6. Nf3 Nf6 7. e3 O-O 8. Bd3
d6 9. Qc2 Nbd7 10. O-O Ne5 11. Nxe5 dxe5 12. f3 b6 13. a4 e6 14. e4 Qe7 15. Bh6
Rd8 16. Bg5 Qg7 17. f4 Rf8 18. fxe5 Ng4 19. exf5 gxf5 20. Bf4 Nxe5 21. Bxe5 Qxe5
22. Rae1 Qf6 23. Rf3 Bd7 24. Qe2 Rae8 25. dxe6 Rxe6 26. Qd2 Rxe1+ 27. Qxe1 Kh8
28. Rh3 Rf7 29. Qd2 Rg7 30. Rh6 Qe7 31. Rh5 Bc6 32. g3 Be4 33. Bxe4 fxe4 34. Qf4
Qe8 35. Re5 Qxa4 36. Qxe4 Qd1+ 37. Kg2 Qd2+ 38. Kg1 Qd1+ 39. Kg2 Qd2+ 40. Kh3
Qh6+ 41. Kg2 Qd2+ 1/2-1/2

[Event "AUTO-MASTER-2760"]
[Site "http://www.queenalice.com/game.php?id=1562590"]
[Date "2019.2.28"]
[Round "2"]
[White "abelhm"]
[Black "Alexandrovinsk"]
[Result "0-1"]
[WhiteElo "2095"]
[BlackElo "2125"]

1. e4 e5 2. Nf3 Nf6 3. Nc3 d6 4. d4 exd4 5. Qxd4 Be7 6. Bc4 O-O 7. O-O Nc6 8.
Qd1 Bg4 9. Bf4 a6 10. a3 Qc8 11. h3 Bh5 12. Re1 Nd7 13. Nd5 Qd8 14. Nxe7+ Qxe7
15. Bg5 Qe8 16. Qd3 Bxf3 17. Qxf3 Nde5 18. Qc3 Nxc4 19. b3 Nb6 20. Qg3 Ne5 21.
f4 Ng6 22. f5 Qe5 23. Qg4 Ne7 24. Bf4 Qf6 25. Bg5 Qe5 26. Bf4 Qc5+ 27. Kh1 f6
28. h4 Nd7 29. h5 Ne5 30. Qg3 Kh8 31. b4 Qc4 32. Re3 Rg8 33. Rae1 Qxc2 34. Rc3
Qa4 35. Rxc7 N7c6 36. Rxb7 Rad8 37. Rc1 d5 38. Bxe5 Nxe5 39. Kh2 dxe4 40. Qh4 h6
41. Qxe4 Qxa3 42. Rcc7 Rd2 43. Qf4 Nf3+ 44. Kg3 Ne1+ 45. Kg4 Rxg2+ 46. Kh4 Rg5
0-1

[Event "AUTO-MASTER-2760"]
[Site "http://www.queenalice.com/game.php?id=1562593"]
[Date "2019.2.28"]
[Round "2"]
[White "Constante"]
[Black "abelhm"]
[Result "1-0"]
[WhiteElo "2487"]
[BlackElo "2070"]

1. e4 e6 2. d4 d5 3. Nd2 dxe4 4. Nxe4 Nc6 5. Nf3 Nf6 6. Bd3 Nxe4 7. Bxe4 Bd6 8.
c3 O-O 9. O-O Bd7 10. a4 h6 11. b4 Rb8 12. Re1 a5 13. b5 Ne7 14. c4 c6 15. c5
Bc7 16. b6 Bxb6 17. cxb6 Qxb6 18. Ba3 Qd8 19. Qb3 Re8 20. Bd6 b6 21. Bxb8 Qxb8
22. Ne5 1-0

[Event "AUTO-MASTER-2760"]
[Site "http://www.queenalice.com/game.php?id=1562594"]
[Date "2019.2.28"]
[Round "2"]
[White "abelhm"]
[Black "Constante"]
[Result "0-1"]
[WhiteElo "2068"]
[BlackElo "2495"]

1. e4 e6 2. d4 d5 3. exd5 exd5 4. Nf3 Bd6 5. Bd3 Nf6 6. O-O O-O 7. Bg5 Be6 8. c3
Nbd7 9. Qc2 h6 10. Be3 b6 11. Nbd2 c5 12. b3 Qc7 13. h3 c4 14. bxc4 dxc4 15. Be2
Rfc8 16. Rfd1 b5 17. Rab1 Rab8 18. Ne1 Nd5 19. Bf3 a5 20. Bxd5 Bxd5 21. Qf5 Qc6
22. f3 Nf6 23. Bxh6 gxh6 24. Kf1 Kg7 0-1

[Event "AUTO-MASTER-2760"]
[Site "http://www.queenalice.com/game.php?id=1562597"]
[Date "2019.2.28"]
[Round "2"]
[White "abelhm"]
[Black "MackMendes"]
[Result "0-1"]
[WhiteElo "2083"]
[BlackElo "2182"]

1. e4 c5 2. Nf3 g6 3. d4 cxd4 4. Qxd4 Nf6 5. Bb5 a6 6. Ba4 b5 7. Bb3 Nc6 8. Qd3
Bg7 9. Bxf7+ Kxf7 10. e5 Ng4 11. Ng5+ Ke8 12. f4 Qb6 13. Rf1 Nxh2 14. Be3 Qa5+
15. Bd2 b4 16. Rh1 Ng4 17. Qc4 e6 18. Nxe6 Bf8 19. Ng5 Ngxe5 20. fxe5 Qxe5+ 21.
Kd1 Qxb2 22. Re1+ Kd8 23. Bf4 Be7 24. Nf7+ Ke8 25. Nd6+ Kd8 26. Nf7+ Ke8 27.
Nd6+ Kd8 28. Qf7 Bxd6 29. Bg5+ Kc7 0-1

[Event "AUTO-MASTER-2760"]
[Site "http://www.queenalice.com/game.php?id=1562598"]
[Date "2019.2.28"]
[Round "2"]
[White "MackMendes"]
[Black "abelhm"]
[Result "0-1"]
[WhiteElo "2202"]
[BlackElo "2055"]

1. d4 g6 2. c4 Bg7 3. e4 c5 4. dxc5 Qa5+ 5. Bd2 Qxc5 6. Nc3 Nc6 7. Nf3 Nf6 8.
Be2 O-O 9. Qc1 a6 10. O-O d6 11. Na4 Qh5 12. Nb6 Rb8 13. Nxc8 Rbxc8 14. Nd4 Qe5
15. Nxc6 bxc6 16. Re1 Qe6 17. h3 Qd7 18. c5 Qc7 19. Bxa6 Rb8 20. cxd6 exd6 21.
Rb1 Rfe8 22. Bd3 Nd7 23. b4 Ne5 24. Be2 Nd7 25. Bd3 Ne5 26. Bc2 Nc4 27. Bf4 Ne5
28. Qd1 Red8 29. a4 Nc4 30. Rb3 Nb2 31. Qd2 Nc4 32. Qe2 Ne5 33. Be3 Nd7 34. a5
c5 35. bxc5 Nxc5 36. Ra3 Rb2 37. Qc4 Qe7 38. a6 Ra8 39. Bxc5 dxc5 40. Rb3 Rxb3
41. Bxb3 Bd4 42. Re2 Ra7 43. Qb5 Kg7 44. Bd5 Rc7 45. Ra2 c4 46. Bxc4 Ba7 47. Bd5
Qd6 48. g3 Qxg3+ 49. Kf1 Rc1+ 50. Ke2 Qxf2+ 51. Kd3 Qe3# 0-1

[Event "AUTO-MASTER-2768"]
[Site "http://www.queenalice.com/game.php?id=1573985"]
[Date "2019.6.10"]
[Round "2"]
[White "clovis"]
[Black "abelhm"]
[Result "0-1"]
[WhiteElo "1908"]
[BlackElo "2093"]

1. e4 e6 2. d4 d5 3. exd5 exd5 4. Nf3 Bd6 5. Bd3 Bg4 6. O-O Nf6 7. Re1+ Be7 8.
h3 Bh5 9. g4 Bg6 10. Bg5 Nbd7 11. Nbd2 c6 12. Ne5 Qc7 13. Ndf3 O-O-O 14. a4 Rdf8
15. c4 Bxd3 16. Qxd3 h6 17. cxd5 hxg5 18. dxc6 Nxe5 19. cxb7+ Kxb7 20. Nxe5 Bd6
21. Rec1 Qa5 22. Rc5 Bxc5 23. Qf3+ Ka6 24. dxc5 Qxc5 25. b4 Qd5 26. Qe2+ Kb7 27.
Rd1 Qe6 28. a5 Rxh3 29. b5 Rfh8 0-1

[Event "AUTO-MASTER-2768"]
[Site "http://www.queenalice.com/game.php?id=1573986"]
[Date "2019.6.10"]
[Round "2"]
[White "abelhm"]
[Black "clovis"]
[Result "1-0"]
[WhiteElo "2084"]
[BlackElo "1917"]

1. e4 e5 2. Nf3 Nc6 3. Nc3 Nf6 4. d4 exd4 5. Nxd4 Bb4 6. Nxc6 bxc6 7. Bd3 O-O 8.
O-O d5 9. e5 Ng4 10. f4 Bc5+ 11. Kh1 Qh4 12. h3 Qg3 13. Bxh7+ Kxh7 14. Qd3+ Qxd3
15. cxd3 Kg6 16. g3 Rh8 17. Kg2 Ne3+ 18. Bxe3 Bxh3+ 19. Kf3 Bxf1 20. Rxf1 Bxe3
21. Kxe3 Kf5 22. Kf3 Rh3 23. Ne2 c5 24. Rc1 Rb8 25. b3 g5 26. Rxc5 g4+ 27. Ke3
Rbh8 28. Rc6 Rh2 29. Rf6# 1-0

[Event "AUTO-MASTER-2768"]
[Site "http://www.queenalice.com/game.php?id=1573989"]
[Date "2019.6.10"]
[Round "2"]
[White "abelhm"]
[Black "ratorei"]
[Result "1/2-1/2"]
[WhiteElo "2097"]
[BlackElo "2083"]

1. e4 c5 2. Nf3 Nf6 3. Nc3 d6 4. d4 cxd4 5. Nxd4 a6 6. Bg5 Nbd7 7. Bc4 Ne5 8.
Bb3 e6 9. Qd2 Be7 10. O-O-O Nfg4 11. Bxe7 Qxe7 12. h3 Nf6 13. f4 Ng6 14. f5 Ne5
15. fxe6 fxe6 16. Nf3 Nxf3 17. gxf3 O-O 18. Qxd6 Qxd6 19. Rxd6 Ne8 20. Bxe6+
Bxe6 21. Rxe6 Rxf3 22. Re7 Rf7 23. Rxf7 Kxf7 24. Rd1 Ke6 25. Na4 Nd6 26. Nc5+
Ke7 27. e5 Nc4 28. Rd7+ Kf8 29. e6 b6 30. Rf7+ Kg8 31. Nd7 Nd6 32. Rf3 b5 33. e7
Nf7 34. Re3 Nd6 35. Rf3 Nf7 36. Kd2 Re8 37. Re3 h6 38. Nc5 Nd6 39. Nxa6 Nc4+ 40.
Kd3 Nxe3 41. Kxe3 Rxe7+ 42. Kf3 Rf7+ 43. Kg3 Rf5 44. b3 Kf7 45. Nb4 Re5 46. Nd3
Re2 47. Nb4 Ke7 48. Nc6+ Kf6 49. Nd4 Re5 50. Kf3 Kg5 51. Kg3 Kh5 52. Kf4 Rc5 53.
Kg3 Rg5+ 54. Kf2 Rd5 55. Nf3 g5 56. Kg3 Rc5 57. Nd4 Rd5 58. Nf3 Kg6 59. Ne1 Rd1
60. Nd3 Kf5 61. Kf3 h5 62. a4 bxa4 63. bxa4 Ra1 64. Nc5 Rc1 65. Nb3 Rf1+ 66. Kg2
Rf4 67. a5 Ke5 68. a6 Ke6 69. a7 Rf8 70. Nd4+ Kd6 71. Nb5+ Kc6 72. c4 Ra8 73.
Nd4+ Kc5 74. Ne6+ Kxc4 75. Nxg5 Rxa7 76. Kg3 Kd5 77. Kh4 Ke5 78. Kxh5 Kf5 79.
Kh6 Ra1 80. h4 Rh1 81. Kh5 Kf6 82. Ne4+ Kg7 83. Ng5 Kg8 84. Kg4 Kg7 85. Kh5 Re1
86. Kg4 Rg1+ 1/2-1/2

[Event "AUTO-MASTER-2768"]
[Site "http://www.queenalice.com/game.php?id=1573990"]
[Date "2019.6.10"]
[Round "2"]
[White "ratorei"]
[Black "abelhm"]
[Result "0-1"]
[WhiteElo "2103"]
[BlackElo "2078"]

1. e4 e6 2. d4 d5 3. e5 c5 4. c3 Qb6 5. Nf3 Bd7 6. Be2 Nc6 7. a3 Nge7 8. dxc5
Qxc5 9. b4 Qb6 10. Be3 Qc7 11. O-O Ng6 12. c4 dxc4 13. Bxc4 Ncxe5 14. Nxe5 Qxe5
15. Nd2 Bb5 16. Qb3 Be7 17. Nf3 Qh5 18. Bxb5+ Qxb5 19. Nd4 Qd7 20. Rad1 O-O 21.
Nf5 Qb5 22. Nxe7+ Nxe7 23. Bc5 Rfe8 24. a4 Qc6 25. Rd6 Qe4 26. Rfd1 Nd5 27. a5
a6 28. g3 Rac8 29. Rd4 Qe5 30. Rg4 Rc7 31. Qf3 Rec8 32. Re4 Qf6 33. Qd3 Rd8 34.
Rxd8+ Qxd8 35. Kg2 Nf4+ 36. Rxf4 Qxd3 37. Rd4 Qxd4 38. Bxd4 Rc4 39. Bc5 f6 40.
h4 g6 41. Kf3 Kf7 42. Ke3 e5 43. Kd3 Rc1 44. Kd2 Ra1 45. Kd3 Ke6 0-1

[Event "AUTO-MASTER-2766"]
[Site "http://www.queenalice.com/game.php?id=1575289"]
[Date "2019.6.24"]
[Round "2"]
[White "Anusha"]
[Black "abelhm"]
[Result "1-0"]
[WhiteElo "2171"]
[BlackElo "2108"]

1. c4 g6 2. Nf3 Bg7 3. Nc3 Nf6 4. g3 O-O 5. Bg2 d6 6. d3 Nc6 7. O-O e5 8. Rb1 a5
9. Bg5 Bg4 10. a3 Qd7 11. Nd2 Bh3 12. b4 Bxg2 13. Kxg2 Nd4 14. b5 c6 15. a4 c5
16. Bxf6 Bxf6 17. Nde4 Bg7 18. Nd5 Rab8 19. Ndf6+ 1-0

[Event "AUTO-MASTER-2766"]
[Site "http://www.queenalice.com/game.php?id=1575290"]
[Date "2019.6.24"]
[Round "2"]
[White "abelhm"]
[Black "Anusha"]
[Result "0-1"]
[WhiteElo "2096"]
[BlackElo "2218"]

1. e4 e6 2. d4 d5 3. exd5 exd5 4. Nf3 Bg4 5. Be2 Nc6 6. c3 Bd6 7. Be3 Nge7 8. h3
Bh5 9. Nbd2 f6 10. O-O Qd7 11. Qc2 O-O-O 12. b4 Rde8 13. a4 g5 14. a5 g4 15. Nh4
f5 16. b5 Nd8 17. Rfb1 f4 18. b6 a6 19. hxg4 Bxg4 20. Bxa6 bxa6 21. Qd3 c6 22.
Qxa6+ Kb8 23. Qd3 fxe3 24. fxe3 Nf5 25. a6 Nxh4 26. b7 Ka7 27. c4 Bf5 28. e4
Bxe4 29. Nxe4 Qg7 30. Ra2 Rxe4 0-1

[Event "AUTO-MASTER-2766"]
[Site "http://www.queenalice.com/game.php?id=1575293"]
[Date "2019.6.24"]
[Round "2"]
[White "Guilherme_Ottoni"]
[Black "abelhm"]
[Result "1-0"]
[WhiteElo "2181"]
[BlackElo "2102"]

1. e4 e6 2. d4 d5 3. Nc3 Bb4 4. e5 c5 5. a3 Ba5 6. b4 cxd4 7. bxa5 dxc3 8. Qg4
Ne7 9. Qxg7 Rg8 10. Qxh7 Qxa5 11. Qd3 Nbc6 12. f4 Nf5 13. Ne2 d4 14. Rb1 a6 15.
h3 Qd5 16. Kf2 b5 17. Qf3 Qxf3+ 18. Kxf3 Bb7 19. Kf2 Nce7 20. Rg1 Be4 21. g4
Bxc2 22. Ra1 d3 23. Nxc3 Nh4 24. Rg3 Rd8 25. Ne4 Kf8 26. Bd2 Rd4 27. Nc5 Nd5 28.
Nxd3 Ng6 29. f5 Nh4 30. f6 Ng6 31. Rc1 Nxe5 32. Rxc2 Nxd3+ 33. Rxd3 Rc4 34. Rxc4
bxc4 35. Bb4+ Ke8 36. Rf3 1-0

[Event "AUTO-MASTER-2766"]
[Site "http://www.queenalice.com/game.php?id=1575294"]
[Date "2019.6.24"]
[Round "2"]
[White "abelhm"]
[Black "Guilherme_Ottoni"]
[Result "0-1"]
[WhiteElo "2089"]
[BlackElo "2202"]

1. e4 c5 2. Nf3 d6 3. Nc3 Nc6 4. d4 cxd4 5. Nxd4 Nf6 6. Bg5 e6 7. Bb5 Qb6 8.
Bxf6 gxf6 9. Bxc6+ bxc6 10. Nb3 a5 11. Qd4 Qxd4 12. Nxd4 c5 13. Ndb5 Kd7 14.
O-O-O Rg8 15. g3 Ba6 16. a4 Kc6 17. b3 Rd8 18. Na3 Be7 19. Rd2 h5 20. Nd1 h4 21.
Ne3 hxg3 22. hxg3 Rh8 23. Rxh8 Rxh8 24. Nac4 Bxc4 25. Nxc4 Ra8 26. Rd1 d5 27.
exd5+ exd5 28. Ne3 Rd8 29. Rh1 Kd6 30. Kd2 Ke6 31. Kd3 Bd6 32. Re1 Be5 33. Ng2
c4+ 34. bxc4 dxc4+ 35. Kxc4 Rd2 36. f4 Rxc2+ 37. Kb5 Rxg2 38. Re3 Kf5 39. fxe5
fxe5 40. Kxa5 e4 41. Kb4 Rb2+ 42. Ka3 Rb8 43. a5 Ke5 44. Ka4 Kd4 45. Re1 e3 46.
Rd1+ Kc3 47. Rd7 f5 48. Re7 Kd2 49. Rd7+ Ke1 50. a6 Rf8 51. a7 e2 52. Rf7 Ra8
53. Kb5 Rxa7 54. Rxa7 Kf1 55. Ra1+ e1=Q 56. Rxe1+ Kxe1 57. Kc4 Kf2 58. Kd3 Kxg3
59. Ke2 f4 0-1

[Event "AUTO-MASTER-2766"]
[Site "http://www.queenalice.com/game.php?id=1575297"]
[Date "2019.6.24"]
[Round "2"]
[White "abelhm"]
[Black "junipero"]
[Result "1-0"]
[WhiteElo "2080"]
[BlackElo "2066"]

1. e4 c5 2. Nf3 Nc6 3. Bb5 d6 4. Bxc6+ bxc6 5. O-O e5 6. h3 Nf6 7. Nc3 Be7 8. d3
h6 9. Nh2 O-O 10. f4 a5 11. fxe5 dxe5 12. Nf3 Bd6 13. Be3 Ba6 14. b3 Bb5 15. Qe1
Nh5 16. Qf2 Qe7 17. Nh4 Nf4 18. Nf5 Qe6 19. Nxd6 Qxd6 20. Bxc5 Qg6 21. Kh1 Rfe8
22. Be3 Ne6 23. Ne2 f6 24. Ng3 Rad8 25. Nf5 c5 26. Bxc5 Rd7 27. a4 Bc6 28. Bb6
Ra8 29. Qe1 Nf4 30. Qg3 Qxg3 31. Nxg3 Ra6 32. Be3 Ne6 33. Nf5 Rc7 34. Rac1 Be8
35. Kg1 Rac6 36. Rf2 Rc3 37. Bb6 Rc8 38. Ne7+ Kf7 39. Nxc8 Rxc8 40. Rff1 Ra8 41.
g3 Ra6 42. Be3 Nd4 43. Bxd4 exd4 44. Kg2 Bd7 45. g4 Rc6 46. e5 Be6 47. exf6 gxf6
48. Kg3 Kg6 49. Kf4 h5 50. gxh5+ Kxh5 51. Kg3 f5 52. Kf4 Rc5 53. Rfe1 Bc8 54.
Re5 Rxe5 55. Kxe5 Kh4 56. Kxd4 f4 57. Rg1 f3 58. Ke3 Bb7 59. Kf2 Kxh3 60. Rg5
Kh4 61. Rxa5 Kg4 62. Ra7 Bc6 63. b4 1-0

[Event "AUTO-MASTER-2766"]
[Site "http://www.queenalice.com/game.php?id=1575298"]
[Date "2019.6.24"]
[Round "2"]
[White "junipero"]
[Black "abelhm"]
[Result "0-1"]
[WhiteElo "2051"]
[BlackElo "2097"]

1. d4 g6 2. c4 Bg7 3. Nc3 b6 4. e3 Bb7 5. Nf3 Nf6 6. g3 O-O 7. Bg2 d6 8. O-O
Nbd7 9. b3 c5 10. Bb2 cxd4 11. exd4 a6 12. d5 Nc5 13. Ng5 h6 14. Nf3 Nfe4 15.
Qc2 Nxc3 16. Bxc3 b5 17. Bxg7 Kxg7 18. Rab1 Bc8 19. Nd4 bxc4 20. bxc4 e5 21.
dxe6 Nxe6 22. Bxa8 Nxd4 23. Qb2 Qf6 24. Bd5 Bf5 25. f4 Re8 26. Kh1 Bxb1 27. Qxb1
Re2 28. Qb7 Nf5 29. Qxa6 Qb2 30. Qb7 Rxh2+ 31. Kg1 Qxb7 32. Bxb7 Rxa2 33. g4 Ne3
34. Rf3 Nxc4 35. Bd5 Rc2 36. f5 Ne5 37. f6+ Kg8 38. Ra3 Rc8 39. Ra6 Rd8 40. Ra4
Nd7 41. Rf4 Nb6 42. Bb3 d5 43. Kg2 d4 44. Kg3 d3 45. Rf1 d2 46. Kf4 Nd5+ 47.
Bxd5 Rxd5 48. Rd1 g5+ 49. Ke3 Kh7 50. Ke4 Rd8 51. Kf5 Rd7 52. Ke4 Kg6 53. Ke5
Rd8 54. Ke4 Kxf6 55. Kf3 Kg6 56. Ke2 Kf6 57. Kf3 Ke5 58. Ke3 f5 59. gxf5 Kxf5
60. Kf3 h5 61. Kg3 Ke4 62. Kf2 Kf4 63. Ke2 Kg3 64. Rg1+ Kh2 65. Rf1 d1=Q+ 66.
Rxd1 Rxd1 0-1